000 00739nam a2200217Ia 4500
003 GCL
008 140319s9999 xx 000 0 ara d
040 _aGCL /
_cGCL
082 0 4 _a823
_bف س
100 1 _aانور المشرى (مترجم)
245 1 0 _aسبارتاكوس: ثورة العبيد (الجزء الثانى) /
_cانور المشرى (مترجم)
700 1 _aفاست، هوارد
300 _a348 ص
490 _aالالف كتاب
_v0
650 0 4 _aالادب
650 0 4 _aالقصص الانجليزية المترجمة
650 0 4 _aالادب الانجليزى
650 0 4 _aالادب الانجليزى المترجم
650 0 4 _aالقصص الانجليزية القصيرة
942 _2ddc
_cBK
999 _c45364
_d45364